Pokemon Signature Moves - Statistics

General Stats
  • This quiz has been taken 410 times
    407 since last reset
  • The average score is 70 of 92
Answer Stats
Hint Answer % Correct
Volt Tackle Pikachu
98%
Pay Day (Only Pokemon to learn this move by level up) Meowth
96%
Soft-Boiled (Only Pokemon to learn this move by level up) Chansey
93%
Kinesis Kadabra
91%
Spacial Rend Palkia
91%
Roar of Time Dialga
90%
Psystrike Mewtwo
90%
Judgement Arceus
89%
Precipice Blades Groudon
89%
Dark Void Darkrai
88%
Origin Pulse Kyogre
88%
Aeroblast Lugia
88%
Dragon Ascent Rayquaza
88%
Oblivion Wing Yveltal
88%
Present (Only Pokemon to learn this move by level up) Delibird
87%
Magma Storm Heatran
87%
Conversion & Conversion2 Porygon
87%
Sketch Smeargle
87%
Geomancy Xerneas
87%
King's Shield Aegislash
86%
Chatter Chatot
86%
Land's Wrath, Thousand Arrows, Thousand Waves & Core Enforcer Zygarde
86%
Diamond Storm Diancie
85%
Shadow Force Giratina
85%
Secret Sword Keldeo
85%
Octazooka (Only Pokemon to learn this move by level up) Octillery
85%
Lunar Dance Cresselia
84%
Psycho Boost Deoxys
84%
Doom Desire Jirachi
84%
Luster Purge Latios
84%
Spakling Aria Primarina
84%
Steam Eruption Volcanion
84%
Techno Blast Genesect
83%
Electroweb (Only Pokemon to learn this move by level up) Joltik
83%
Gear Grind Klink
83%
Mist Ball Latias
83%
Seed Flare Shaymin
83%
Hyperspace Hole & Hyperspace Fury Hoopa
82%
Throat Chop (Only Pokemon to learn this move by level up) & Darkest Lariat Incineroar
82%
Glaciate, Ice Burn & Freeze Shock Kyurem
82%
Forest's Curse Phantump
82%
Trick-or-Treat Pumpkaboo
82%
Spirit Shackle Decidueye
81%
Accelerock Lycanroc
81%
Relic Song Meloetta
81%
Defend Order, Attack Order & Heal Order Vespiquen
80%
Lovely Kiss (Only Pokemon to learn this move by level up) Jynx
79%
Photon Geyser & Prismatic Laser Necrozma
79%
Clanging Scales Kommo-o
77%
Spectral Thief Marshadow
77%
Beak Blast Toucannon
77%
Searing Shot Victini
77%
Fleur Cannon Magearna
76%
Plasma Fists Zeraora
76%
Revelation Dance Oricorio
75%
Anchor Shot Dhelmise
74%
Fire Lash Heatmor
74%
Crush Grip Regigigas
74%
First Impression (Only Pokemon to learn this move by level up) Golisopod
73%
Zing Zap Togedemaru
73%
Trop Kick Tsareena
73%
Fiery Dance Volcarona
73%
Strength (Only Pokemon to learn this move by level up) Machamp
72%
Heat Crash Tepig
72%
Ice Hammer Crabominable
71%
Fairy Lock Klefki
71%
Baneful Bunker Toxapex
71%
Mind Blown Blacephalon
70%
Topsy-Turvy Inkay
70%
Multi-Attack Silvally
70%
Pollen Puff Ribombee
69%
Barrage Exeggcute
68%
Tail Slap (Only Pokemon to learn this move by level up) Minccino
68%
Solar Blade Lurantis
67%
Toxic Thread Spinarak
67%
Dragon Hammer Alolan Exeggutor
66%
Floral Healing Comfey
65%
Shore Up Sandygast
65%
Shell Trap Turtonator
64%
Psychic Fangs (Only Pokemon to learn this move by level up) Bruxish
63%
Smelling Salts (Only Pokemon to learn this move by level up) Makuhita
63%
Head Charge Bouffalant
61%
Instruct Oranguru
59%
Electrify Helioptile
58%
Waterfall (Only Pokemon to learn this move by level up) Seaking
55%
Powder (Only Pokemon to learn this move by level up) Vivillon
55%
Light of Ruin Floette
53%
Cut (Only Pokemon to learn this move by level up) Kartana
53%
Strength Sap (Only Pokemon to learn this move by level up) Morelull
49%
Purify Pyukumuku
45%
Power Trip (Only Pokemon to learn this move by level up) Krookodile
35%
Secret Power (Only Pokemon to learn this move by level up) Audino
31%
No matching quizzes found
Score Distribution
Percent of People with Each Score
Percentile by Number Answered
Your Score History
You have not taken this quiz since the last reset